Supply chain management/ (Record no. 193393)

MARC details
000 -LEADER
fixed length control field 00561nam a22001817a 4500
005 - DATE AND TIME OF LATEST TRANSACTION
control field 20221027144741.0
010 ## - LCCN (DPL NO)
LC control number ENG-135563
020 ## - INTERNATIONAL STANDARD BOOK NUMBER
Terms of availability 600.00
International Standard Book Number 9789385981104
035 ## - SYSTEM CONTROL NUMBER
System control number EN-119095
037 ## - SOURCE OF ACQUISITION
Source of stock number/acquisition DBAD/PUB
082 ## - DEWEY DECIMAL CLASSIFICATION NUMBER
Classification number 658.5
100 ## - MAIN ENTRY--PERSONAL NAME
Personal name Mishra,ashutosh
245 ## - TITLE STATEMENT
Title Supply chain management/
Statement of responsibility, etc By Ashutosh mishra
260 ## - PUBLICATION, DISTRIBUTION, ETC. (IMPRINT)
Place of publication, distribution, etc New delhi
Name of publisher, distributor, etc Satyam publishing house
Date of publication, distribution, etc 2016
270 ## - ADDRESS
Address N-3/25, mohan garden, uttam nagar,
City New delhi
Postal code 110059
Electronic mail address satyampub_2006@yahoo.com
300 ## - PHYSICAL DESCRIPTION
Extent 181p.
Dimensions 22cm(pbk)
942 ## - ADDED ENTRY ELEMENTS (KOHA)
Source of classification or shelving scheme Dewey Decimal Classification
Item type English Books
Call number suffix MIS
Classification part 658.5
Holdings
Withdrawn status Lost status Not for loan Collection code Home library Current library Date acquired Source of acquisition Cost, normal purchase price Full call number Barcode Copy number Cost, replacement price Koha item type
      Non-fiction Vinoba Puri Vinoba Puri 27/10/2022 DBAD/PUB 600.00 658.5 MIS EN-119095 1 600.00 English Books

© Delhi Public Library
Hit Counter
free hit counter